MDQL
is popping MORE tags! Check the
thread
!
Quizzes
Events
Quiz Creation
Community
Videos
Private Events
Remove Ads
Sign In
Join for FREE
Feedback
Dark Mode
Quiz Categories
Sports
Geography
Music
Movies
Television
Just For Fun
Miscellaneous
History
Literature
Language
Science
Gaming
Entertainment
Religion
Holiday
For Kids
Quiz Lab
Recent
Popular Today
Quiz Kudos Today
Editor Picks
Curator Picks
Quizzes by...
Day
Popularity
Type
Ratings
Length
Year
Community
Subscriptions
Recent Discussions
Orange Saloon
Badges
Playlists
Quests
Create
Leaderboards
Showdown
Live 5
Trivia Bingo
Activity
Puzzle Library
Sporcle Events
Private Events
Virtual Trivia
Globe League
Become a Host
Pub Owners
SporcleCon
Opinionation
Our Games
Videos
Blog
Mobile Apps
Partnerships
Remove Ads and Go Orange
Feedback
Geography
Country
Landmarks
City
State
Population
World
Capital
Continent
Flags
Europe
Africa
Asia
South America
North America
Oceania
Border
Canada
United Kingdom
Topography
United States
Geography
Country
Landmarks
City
State
Population
World
Capital
Continent
Flags
Europe
Africa
Asia
South America
North America
Oceania
Border
Canada
United Kingdom
Topography
United States
Random Quiz
Search Sporcle
×
Quiz Lab
Quiz Lab
Geography
City
Type in answers that appear in a list
Type in answers that appear in a list
Classic
Best Score? Go Orange.
North American Countries by Second Largest City Stats
Can you name the North American countries by their second largest cities?
By
Rom
6m
23 Questions
2,504 Plays
2,504 Plays
2,504 Plays
Comments
Comments
Give Quiz Kudos
Give Quiz Kudos
-
- Ratings
hide this ad
Forced Order
Answers have to be entered in order
Answers have to be entered in order
Random Order
Randomize order of answers
Randomize order of answers
Replay
Link that replays current quiz
Next Quiz
Link to next quiz in quiz playlist
You Got
0%
They Got
Avg Score
68%
Avg Friend Score
Upgrade to see
Score Distribution
Jump to the score distribution portion of the page
Score
0/23
Timer
06:00
0
Plays Today
City
Country
% Correct
Los Angeles
United States
98%
Montreal
Canada
97.3%
Guadalajara
Mexico
94.7%
Santiago de Cuba
Cuba
93%
New Kingston
Jamaica
89.3%
Cap-
Haïtien
Haiti
81.8%
Freeport
Bahamas
68.3%
San Pedro Sula
Honduras
67.3%
Santiago
Dominican Republic
66.9%
Mixco
Guatemala
65.8%
Matagalpa
Nicaragua
65.7%
San Miguelito
Panama
63.9%
City
Country
% Correct
Puerto Limón
Costa Rica
62.6%
Kingstown Park
St. Vincent and the Grenadines
62.1%
Santa Ana
El Salvador
61.1%
Speightstown
Barbados
57.7%
Sandy Point Town
St. Kitts and Nevis
56.7%
Portsmouth
Dominica
55.4%
San Ignacio
Belize
55.3%
All Saints
Antigua and Barbuda
54.1%
Bisée
St. Lucia
54.1%
Gouyave
Grenada
53.7%
San Fernando
Trinidad and Tobago
52.4%
Quiz Playlist
Details
Report
Send in Message
Add To Playlist
Classic:
Type in answers that appear in a list
Forced Order:
Answers have to be entered in order
Random Order:
Randomize order of answers
Last Updated: Nov 27, 2022
Quiz Scoreboard
CHALLENGE
Sign Up to Join the Scoreboard
Show All
Scores
Hide
Comments
May contain spoilers
Recently Published
Image Sorting: Flags VI
by Barbecue
Geography
2m
Find the 'City' Movie
by crazypaving
Movies
60s
Colored Red Africa Blitz
by spor1
Geography
45s
More to Explore
Quiz From the Vault
Featured Blog Post
14 Easter Pick-up Lines to Find Eggs With
hide this ad
You Might Also Like...
Tags
City Quiz
North America Quiz
Population Quiz
largest
second-largest
World Cities
Today's Top Quizzes in Geography
Browse Geography
hide this ad
Today's Top Quizzes in City
Browse City
Top Contributed Quizzes in Geography
1
Colored Red Europe Blitz I
2
Countries of the World - No Outlines Minefield
3
Colored Red Africa Blitz II
4
Colored Red Europe Blitz II
5
Colored Red Europe Blitz III
6
Colored Red Africa Blitz III
7
Colored Red States Blitz I
8
A Different View: World Oceans
9
Colored Red States Blitz II
10
Colored Red States Blitz III
Explore More
Trending Topics
NBA
Crossword
Anime
Harry Potter
Disney
Marvel
Kpop
Pokémon
Country
Soccer
The Office
NFL
WWE
Puzzle
Song
hide this ad
More By:
Rom
Quiz
Plays
Rating
Category
Featured
Created
Countries with Most French Speakers
101,987
4.11
Geography
Aug 22, 2014
States in Sentences
40,285
4.41
Just For Fun
Sep 10, 2011
Asian Countries by Second Largest City
38,503
4.62
Geography
Mar 15, 2015
Who's Taller? (NBA-Style)
28,502
2.11
Sports
Apr 22, 2010
Car Crash Celebrities
20,979
3.65
Miscellaneous
Sep 25, 2011
Go to Creator's Profile
Score Distribution
Quiz Creator Spotlight
Rom
Follow
Send a Message
Quizzes Created
-
Created Quiz Play Count
-
More By This Creator
Popular Quizzes Today
1
Colored Red Africa Blitz
2
Find the US States - No Outlines Minefield
3
Find the 'City' Movie
4
5x2 Blitz: Bands
5
The Countries of the World
6
Find the US States
7
Find the Countries of Europe - No Outlines Minefield
8
US States
More Geography Quizzes
All about... Malta
Quiz Lab
Trending Quizzes
Colored Red Europe Blitz I
Colored Red Europe Blitz II
Colored Red Africa Blitz II
Colored Red Europe Blitz III
Colored Red Africa Blitz III
Recently Updated
How Do You Spell That?
pecheneg
Godzilla Movies
pecheneg
Grab Bag: 4-10 Letters
pecheneg
2024 March Madness Bracket
pecheneg
Famous TV Couples
Peacemaker
Champions League XIs: Real Madrid
pecheneg
Largest US Cities 1790-2010
pecheneg
Rides in Walt Disney World
pecheneg
Most Oscar Losses (Acting)
pecheneg
Beyoncé Albums
pecheneg
Trending Topics
Disney
Harry Potter
Kpop
Marvel
Crossword
NBA
Anime
Country
The Office
Song
Soccer
Puzzle
NFL
WWE
Pokémon
Your Account Isn't Verified!
In order to create a playlist on Sporcle, you need to verify the email address you used during registration. Go to your
Sporcle Settings
to finish the process.
Report this User
Report this user for behavior that violates our
Community Guidelines
.
Details:
Send Report
Go to the Sporcle.com Mobile Site →
Comments